| 000 | 00585nam a22001937a 4500 | ||
|---|---|---|---|
| 005 | 20251108171819.0 | ||
| 008 | 250721s1973 xx 000 0 ara d | ||
| 082 | 1 | 4 | _aط/599/جير |
| 100 | 1 | _aجيرو، بتريسيا | |
| 245 | 1 | 0 | _aمن أنت أيها الجاموس / |
| 264 | 1 |
_aبيروت : _bمكتبة سمير، _c1973. |
|
| 300 | _a12ص. | ||
| 490 | 0 | _aحيوانات طليعة | |
| 650 | 1 | 7 | _aالجواميس |
| 653 | _aاطفال مرحلة متوسطة (6-9) سنوات | ||
| 700 | 1 |
_aسماحة، سهيل _eترجمة |
|
| 942 |
_2ddc _cBK |
||
| 999 |
_c63269 _d63269 |
||